00884 2200325 4500001002100000005001500021007000300036020002200039035002000061040001700081041000800098082002200106084001700128090002100145100001900166245009200185250001000277264003100287300003900318336001500357337001300372338001500385504002600400650002000426700002700446850001000473990002500483990002500508990002500533INLIS00000000001312320250619031932ta a978-602-9002-16-4 a0010-0525000025 aSBPUPADbind aind 2[23] 297.43 ABU M a297.43 ABU M a297.43 ABU M 5-6 aAbu Habib Zain aMenggapai Pahala Puasa Wajib & Sunnah Setahun /cAbu Habib Zain; Editor, Muhammad Azhar aCet.1 aSolo :bTaqwa Media,c2011 ax, 146 hlm :bilus. ;c13x20, 5 cm 2rdacontent 2rdamedia 2rdacarrier abibiliografi, hlm 141 aFilsafat Islam/ aEditor, Muhammad Azhar aPUPAD a39.004/APBD/DPK/2025 a39.005/APBD/DPK/2025 a39.006/APBD/DPK/2025